Szczegóły MARC21

Studium kształtowania jakości wyrobów emaliowanych /

003 -Nazwa inst., której nr kontr. jest w polu 001 [,]
    • @
    • Nazwa instytucji, której n kontrolny jest w polu 001
    • NUKAT
005 -DATA I CZAS OSTATNIEJ MODYFIKACJI [,]
    • @
    • pole kontrolne
    • 20241231094837.0
020 -Międzynarod. znormalizowany nr książki - ISBN [ , ]
    • a
    • Numer ISBN
    • 837252114X Find
040 -Instytucja sporządzająca opis [ , ]
    • a
    • Instytucja, która sporządziła opis (NP)
    • LUBL 64/EH
    • c
    • Instytucja, która sporządziła rekord (NP)
    • LUBL 64/EH
    • d
    • Instytucja, która zmodyfikowała rekord (P)
    • LUBL 64/EH
    • d
    • Instytucja, która zmodyfikowała rekord (P)
    • LUBL 64/WSs
041 -Język dokumentu [0, ]
    • a
    • Język tekstu (P)
    • polski
    • b
    • Język streszczeń lub abstraktu (P)
    • angielski
942 -Rodzaj dokumentu [ , ]
    • c
    • Rodzaj dokumentu
    • Książka
100 -Hasło główne - nazwa osobowa [1, ]
    • a
    • Nazwa osobowa (NP)
    • Hornik, Stanisław.
    • 9
    • KHW
    • 733793
245 -Strefa tytułu i oznaczenia odpowiedzialności [1,0]
    • a
    • Tytuł
    • Studium kształtowania jakości wyrobów emaliowanych / Find
    • c
    • Pozostałe elementy strefy tytułu i oznaczenia odpowiedzialności (NP)
    • Stanisław Hornik.
260 -Strefa adresu wydawniczego [ , ]
    • a
    • Miejsce wydania (P)
    • Kraków :
    • b
    • Nazwa wydawcy (P)
    • Wydaw. Akademii Ekonomicznej,
    • c
    • Data wydania (P)
    • 2002.
300 -Strefa opisu fizycznego [ , ]
    • a
    • Określenie formy książki i/lub objętość (NP)
    • 147 s. :
    • b
    • Oznaczenie ilustracji (NP)
    • il. ;
    • c
    • Format (NP)
    • 24 cm.
336 -Typ zawartości [ , ]
    • a
    • Termin opisujący typ zawartości
    • Tekst
    • b
    • Kod określający zawartość
    • txt
    • 2
    • Źródło (terminu i kodu)
    • rdacontent
337 -Typ mediów [ , ]
    • a
    • Tryb odtwarzania
    • Bez urządzenia pośredniczącego
    • b
    • Kod typu mediów
    • n
    • 2
    • Źródło (terminu i kodu)
    • rdamedia
338 -Typ/rodzaj nośnika [ , ]
    • a
    • Hasło opisujące typ nośnika
    • Wolumin
    • b
    • Kod typu nośnika
    • nc
    • 2
    • Źródło (terminu i kodu)
    • rdacarrier
380 -Deskryptor - Forma dzieła (P) [ , ]
    • a
    • forma dzieła (NP)
    • Książki
490 -Strefa serii i książki wielotomowej - forma nie do wyszukiwania [1, ]
    • a
    • Tytuł (P)
    • Zeszyty Naukowe / Akademia Ekonomiczna w Krakowie. Seria Specjalna: Monografie, Find
    • x
    • ISSN (NP)
    • 0209-1674 ;
    • v
    • Numeracja (P)
    • nr 149
830 -Hasło dodatkowe serii i opisu książki wielotomowej - tytuł ujednolicony/tytuł [ ,0]
    • a
    • Tytuł ujednolicony/tytuł (NP)
    • Zeszyty Naukowe - Akademia Ekonomiczna w Krakowie.
    • n
    • Oznaczenie części/podserii/sekcji (P)
    • Seria Specjalna,
    • p
    • Nazwa części/podserii/sekcji (P)
    • Monografie
    • x
    • ISSN
    • 0209-1674
    • v
    • Oznaczenie tomu (NP)
    • nr 149
    • 9
    • KHW
    • 20244
504 -Uwaga dot. bibliogr. załącznikowej [ , ]
    • a
    • Uwaga dot. bibliografii załącznikowej
    • Bibliogr. s. 128-135.
546 -Uwaga dot. języka [ , ]
    • a
    • Uwaga dot. języka
    • Streszcz. ang.
080 -Uniwersalna Klasyfikacja Dziesiętna [ , ]
    • a
    • Symbol klasyfikacji
    • 658.56
    • 9
    • UKD
    • 5633
    • 2
    • Identyfikator wydania tablic
    • UDC-P058
    • b
    • Dopowiedzenie
    • Kontrola jakości. Kontrola narzędzi, materiałów i produktów.
080 -Uniwersalna Klasyfikacja Dziesiętna [ , ]
    • a
    • Symbol klasyfikacji
    • :666.29
650 -Hasło przedmiotowe [ ,7]
    • a
    • Hasło przedmiotowe
    • Jakość produktu
    • 2
    • Źródło terminu
    • DBN
    • 9
    • KHW
    • 733893
650 -Hasło przedmiotowe [ ,7]
    • a
    • Hasło przedmiotowe
    • Lakiery
    • 2
    • Źródło terminu
    • DBN
    • 9
    • KHW
    • 733896
650 -Hasło przedmiotowe [ ,7]
    • a
    • Hasło przedmiotowe
    • Metody badawcze
    • 2
    • Źródło terminu
    • DBN
    • 9
    • KHW
    • 723204
650 -Hasło przedmiotowe [ ,7]
    • a
    • Hasło przedmiotowe
    • Zastosowanie i wykorzystanie
    • 2
    • Źródło terminu
    • DBN
    • 9
    • KHW
    • 722086
650 -Hasło przedmiotowe [ ,7]
    • a
    • Hasło przedmiotowe
    • Emalie
    • x
    • Określnik rzeczowy
    • jakość
    • x
    • Określnik rzeczowy
    • badania.
    • 2
    • Źródło terminu
    • kaba
    • 9
    • KHW
    • 733838
650 -Hasło przedmiotowe [ ,7]
    • a
    • Hasło przedmiotowe
    • Emalia i emalierstwo
    • z
    • Określnik geograficzny
    • Polska.
    • 2
    • Źródło terminu
    • kaba
    • 9
    • KHW
    • 733837
658 -Ujęcie treści [ , ]
    • a
    • dziedzina nauki i sztuki/ sfera aktywności życiowej
    • Gospodarka, ekonomia, finanse
658 -Ujęcie treści [ , ]
    • a
    • dziedzina nauki i sztuki/ sfera aktywności życiowej
    • Inżynieria i technika
980 -Symbol UKD [ , ]
    • a
    • UKD
    • 658.56:666.29
710 -Hasło dodatkowe - nazwa ciała zbiorowego [2, ]
    • a
    • Nazwa ciała zbiorowego lub nazwa geograficzna jako pierwszy element (NP)
    • Akademia Ekonomiczna (Kraków).
    • b
    • Nazwa jednostki podrzędnej (P)
    • Wydawnictwo Uczelniane.
    • 4
    • Kod relacji
    • pbl
    • 9
    • KHW
    • 75775
710 -Hasło dodatkowe - nazwa ciała zbiorowego [2, ]
    • a
    • Nazwa ciała zbiorowego lub nazwa geograficzna jako pierwszy element (NP)
    • Akademia Ekonomiczna (Kraków).
    • b
    • Nazwa jednostki podrzędnej (P)
    • Wydawnictwo.
    • 4
    • Kod relacji
    • pbl
    • 9
    • KHW
    • 76906
920 -ISBN [ , ]
    • a
    • ISBN
    • 83-7252-114-X Find
Data inwentaryzacji Lokalizacja Numer inwentarzowy Status udost.
2003-07-15BES.90762-3